000 01301nam a2200253 a 4500
008 211206s2015 ||||||||||||||||| || u
020 _a9781138019652
050 _aTP 339 The
100 _aGroot, Peter de
245 1 4 _aThe biomass assessment handbook: energy for a sustainable environment (2nd edition)
_cEdited by Frank Rosillo-Calle; Peter de Droot; Sarah L. Hemstock and Jeremy Woods
250 _a2nd edition
260 _aNew York
_bRoutledge
_c2015
300 _axvii, 318 pages: illustrations
350 _a70.13
650 _aBIOMASS--MEASUREMENT
650 _aTECHNOLOGY AND ENGINEERING/ POWER RESOURCES--GENERAL
650 _aTECHNOLOGY AND ENGINEERING/ POWER RESOURCES/ALTERNATIVE AND RENEWABLE
700 _aHemstock, Sarah L
700 _aRosillo-Calle, Frank
700 _aWoods, Jeremy
995 _aMAIN LIBRARY OPEN ACCESS
_e751551
_FCBU-MAIN LIBRARY (Kitwe)
_I70.13
_jTP 339 The
_UAVAILABLE
_WDec 7, 2021
_y751551
_ZMain Library Open Access Collection
995 _aMAIN LIBRARY OPEN ACCESS
_e751553
_FCBU-MAIN LIBRARY (Kitwe)
_I70.13
_jTP 339 The
_UAVAILABLE
_WDec 7, 2021
_y751553
_ZMain Library Open Access Collection
995 _aMAIN LIBRARY OPEN ACCESS
_e751552
_FCBU-MAIN LIBRARY (Kitwe)
_I70.13
_jTP 339 The
_UAVAILABLE
_WDec 7, 2021
_y751552
_ZMain Library Open Access Collection
999 _c84672
_d84672